Famous 'Zones' quiz - Statistics

General Stats
  • This quiz has been taken 36 times
  • The average score is 3 of 15
Answer Stats
Hint Answer % Correct
A grey or undefined area, or a TV series created Rod Sterling The Twilight Zone
97%
Heavily fortified border between North & South Korea De-Militarised Zone
69%
Highly sensitive intimate areas of the body Erogenous Zone
41%
Nickname for the above Goldilocks zone
38%
Kiribati has 3 of these, but China has only 1 Time Zone
19%
Circumstellar area where life may grow on planets Habitable Zone
16%
A "no go" military or disaster area Exclusion Zone
13%
Another word for "Torrid Zone" Tropical Zone
13%
Musical comedy film by Richard Elfman Forbidden Zone
6%
2010 thriller film starring Matt Damon Green Zone
6%
Part of a body of water where autotrophic organisms may photosynthesise Photic Zone
6%
A type of time segment usually defined by changes in geological record Chronozone
0%
Defined geographic area where specific types of plants can grow Hardiness Zone
0%
Operating system-level virtualization technology for x86 and SPARC systems Solaris Zone
0%
University cooperative in Quebec Zone Coopérative de l'Université Laval
0%
No matching quizzes found
Score Distribution
Percent of People with Each Score
Percentile by Number Answered
Your Score History
You have not taken this quiz